[Event "9th Sharjah Cup Women 2018"]
[Site "Sharjah"]
[Date "2018.12.14"]
[Round "1"]
[White "Szczepkowska Karina"]
[Black "Mariam Mohammed Almaeeni"]
[Result "*"]
[WhiteElo "2408"]
[BlackElo "1096"]
[PlyCount "59"]
[EventDate "2018.12.14"]
[EventType "swiss"]
[EventCountry "UAE"]
[TimeControl "5400+30"]

1. e4 e6 2. d4 d5 3. Nd2 dxe4 4. Nxe4 Nd7 5. Bd3 Ngf6 6. Qe2 Nxe4 7. Bxe4 Nf6 8. Bxb7 Rb8 9. Bxc8 Qxc8 10. Nf3 g6 11. O-O Bg7 12. c3 O-O 13. Bf4 Qb7 14. Rab1 Nh5 15. Be5 f6 16. Bg3 Nxg3 17. Qxe6+ Kh8 18. hxg3 Rbe8 19. Qb3 Qc6 20. Rfe1 Rb8 21. Qa3 Rg8 22. b4 Qc4 23. Qb3 Qxb3 24. axb3 Bh6 25. Ra1 Rb7 26. Ra6 Kg7 27. Re7+ Kf8 28. Rae6 Rg7 29. Re8+ Kf7 30. R6e7# *

[Event "9th Sharjah Cup Women 2018"]
[Site "Sharjah"]
[Date "2018.12.14"]
[Round "1"]
[White "Bulmaga Irina"]
[Black "Mira Husain Al Hammadi"]
[Result "1-0"]
[WhiteElo "2391"]
[BlackElo "1084"]
[PlyCount "33"]
[EventDate "2018.12.14"]
[EventType "swiss"]
[EventCountry "UAE"]
[TimeControl "5400+30"]

1. e4 e5 2. Nf3 Nc6 3. Bb5 Bc5 4. O-O Nf6 5. c3 Bb6 6. d4 exd4 7. cxd4 a6 8. Ba4 d5 9. exd5 Nxd5 10. Re1+ Be6 11. Ne5 Qd6 12. Nc3 f6 13. Nc4 Qd7 14. Nxd5 Qxd5 15. Nxb6 cxb6 16. Bb3 Qd7 17. Bxe6 1-0

[Event "9th Sharjah Cup Women 2018"]
[Site "Sharjah"]
[Date "2018.12.15"]
[Round "1"]
[White "Gevorgyan Irina"]
[Black "Alyazya Hamad R Alkharoossi"]
[Result "1-0"]
[WhiteElo "2301"]
[BlackElo "1079"]
[PlyCount "49"]
[EventDate "2018.12.14"]
[EventType "swiss"]
[EventCountry "UAE"]
[TimeControl "5400+30"]

1. Nf3 d6 2. d4 Nf6 3. Nc3 Nbd7 4. e4 e5 5. Be2 Be7 6. O-O c6 7. a4 b6 8. Re1 a6 9. Bf1 Bb7 10. b3 exd4 11. Nxd4 c5 12. Nf5 O-O 13. Nxd6 Bxd6 14. Qxd6 Re8 15. f3 Nf8 16. Qxd8 Raxd8 17. Be3 Ng6 18. a5 bxa5 19. Rxa5 Nd7 20. Bxa6 Ra8 21. Rea1 Bxa6 22. Rxa6 Rxa6 23. Rxa6 h6 24. Ra7 Nf6 25. Bxc5 1-0

[Event "9th Sharjah Cup Women 2018"]
[Site "Sharjah"]
[Date "2018.12.15"]
[Round "1"]
[White "Gu Xiaobing"]
[Black "Al-Hammadi Manal Hussein"]
[Result "1-0"]
[WhiteElo "2295"]
[BlackElo "1074"]
[PlyCount "53"]
[EventDate "2018.12.14"]
[EventType "swiss"]
[EventCountry "UAE"]
[TimeControl "5400+30"]

1. e4 e5 2. Bc4 Nc6 3. d3 Bc5 4. Nc3 Nf6 5. Bg5 d6 6. Nd5 Be6 7. Bxf6 gxf6 8. Qh5 Nd4 9. Ne3 Qd7 10. c3 Nc6 11. Bxe6 Qxe6 12. Nd5 O-O-O 13. Qf3 Rhg8 14. Ne2 Qg4 15. b4 Bb6 16. b5 Nb8 17. Ne7+ Kd7 18. Nxg8 Rxg8 19. Qxg4+ Rxg4 20. Ng3 c6 21. a4 Ba5 22. Kd2 Rf4 23. f3 d5 24. Kc2 d4 25. cxd4 exd4 26. h4 Bc7 27. Ne2 1-0

[Event "9th Sharjah Cup Women 2018"]
[Site "Sharjah"]
[Date "2018.12.14"]
[Round "1"]
[White "Aisha Mohamed Al Muaini"]
[Black "Cornette Deimante, .."]
[Result "0-1"]
[WhiteElo "1134"]
[BlackElo "2455"]
[PlyCount "30"]
[EventDate "2018.12.14"]
[EventType "swiss"]
[EventCountry "UAE"]
[TimeControl "5400+30"]

1. e4 d6 2. Nf3 c5 3. d3 g6 4. g3 Bg7 5. Bg2 Nc6 6. O-O e6 7. c3 Nge7 8. Nbd2 O-O 9. Nh4 Rb8 10. f4 Qc7 11. a4 a6 12. Nc4 d5 13. Ne3 d4 14. cxd4 Nxd4 15. Nf3 Nec6 0-1

[Event "9th Sharjah Cup Women 2018"]
[Site "Sharjah"]
[Date "2018.12.14"]
[Round "1"]
[White "Socko Julia"]
[Black "Mkrtchian Lilit"]
[Result "0-1"]
[WhiteElo "1092"]
[BlackElo "2382"]
[PlyCount "34"]
[EventDate "2018.12.14"]
[EventType "swiss"]
[EventCountry "UAE"]
[TimeControl "5400+30"]

1. d4 Nf6 2. c3 b6 3. Nf3 Bb7 4. Bg5 d6 5. Nbd2 Nbd7 6. e3 h6 7. Bxf6 Nxf6 8. Qa4+ c6 9. c4 g6 10. d5 Qd7 11. Nd4 cxd5 12. Nb5 Rc8 13. Qxa7 Bg7 14. Qxb6 O-O 15. Na7 Rb8 16. cxd5 Nxd5 17. Qa5 Ra8 0-1

[Event "9th Sharjah Cup Women 2018"]
[Site "Sharjah"]
[Date "2018.12.14"]
[Round "1"]
[White "Essa Shahad"]
[Black "Khukhashvili Sopiko"]
[Result "0-1"]
[WhiteElo "1080"]
[BlackElo "2338"]
[PlyCount "46"]
[EventDate "2018.12.14"]
[EventType "swiss"]
[EventCountry "UAE"]
[TimeControl "5400+30"]

1. e4 c5 2. Nf3 g6 3. d4 cxd4 4. Nxd4 Bg7 5. Nc3 Nc6 6. Be3 Nf6 7. f3 O-O 8. Bc4 Qb6 9. Qd2 {Diagram [#]} Nxe4 10. Nxe4 Bxd4 11. Bxd4 Qxd4 12. Qxd4 Nxd4 13. O-O-O Nf5 14. Rhe1 d6 15. g4 Nh4 16. Nd2 e6 17. Re2 d5 18. Bb3 g5 19. h3 b5 20. c3 Ng6 21. Bc2 Nf4 22. Rh2 Kg7 23. Re1 a5 0-1

[Event "9th Sharjah Cup Women 2018"]
[Site "Sharjah"]
[Date "2018.12.15"]
[Round "1"]
[White "Khezrian Neda"]
[Black "Velikic Adela"]
[Result "0-1"]
[WhiteElo "1076"]
[BlackElo "2298"]
[PlyCount "78"]
[EventDate "2018.12.14"]
[EventType "swiss"]
[EventCountry "UAE"]
[TimeControl "5400+30"]

1. e4 c6 2. d4 d5 3. exd5 cxd5 4. Nc3 Nc6 5. Nf3 Nf6 6. Bb5 Bf5 7. O-O e6 8. Bg5 Be7 9. Bxc6+ bxc6 10. Re1 O-O 11. Qe2 h6 12. Bh4 Rc8 13. Rad1 Qa5 14. Ne5 Rfe8 15. Bxf6 Bxf6 16. Nd7 Be7 17. Ne5 Qb4 18. Rb1 Qxd4 19. Nf3 Qb6 20. Na4 Qb5 21. Nc3 Qxe2 22. Rxe2 Bf6 23. Na4 c5 24. Rd1 Be4 25. Nc3 Bxc3 26. bxc3 Bxf3 27. gxf3 Rb8 28. f4 g6 29. f3 Kf8 30. Re5 Rb2 31. c4 f6 32. Re2 d4 33. a4 Rb4 34. a5 Rxc4 35. Rb1 Kf7 36. Rb7+ Re7 37. a6 Rxb7 38. axb7 Rb4 39. Kf2 Rxb7 0-1

[Event "9th Sharjah Cup Women 2018"]
[Site "Sharjah"]
[Date "2018.12.15"]
[Round "1"]
[White "Fatma Faisal Albutehi"]
[Black "Kulkarni Bhakti"]
[Result "0-1"]
[WhiteElo "1069"]
[BlackElo "2283"]
[PlyCount "44"]
[EventDate "2018.12.14"]
[EventType "swiss"]
[EventCountry "UAE"]
[TimeControl "5400+30"]

1. e4 d5 2. exd5 Qxd5 3. Nc3 Qd6 4. Be2 Nf6 5. Nf3 Bg4 6. O-O e6 7. h3 Bh5 8. d3 Be7 9. Re1 O-O 10. Bg5 Nc6 11. Bxf6 gxf6 12. Nh4 Bxe2 13. Qxe2 Nd4 14. Qg4+ Kh8 15. Re3 Nxc2 16. Rg3 Rg8 17. Qf3 Rxg3 18. fxg3 Nxa1 19. Ne4 Qb4 20. Qd1 Qxb2 21. Qf1 f5 22. Nf2 Bc5 0-1

[Event "9th Sharjah Cup Women 2018"]
[Site "Sharjah"]
[Date "2018.12.15"]
[Round "2"]
[White "Socko, Monika"]
[Black "Boshra, Alshaeby"]
[Result "1-0"]
[WhiteElo "2458"]
[BlackElo "2019"]
[Annotator "TA"]
[PlyCount "57"]
[EventDate "2018.12.14"]
[EventType "swiss"]
[EventCountry "UAE"]
[SourceTitle "playchess.com"]
[Source "ChessBase"]
[SourceQuality "1"]

{[%evp 36,57,68,86,93,99,207,183,204,182,202,208,565,565,566,565,551,540,528,537,512,501,939,918]} 1. e4 c5 2. Nf3 g6 3. c4 Bg7 4. d4 cxd4 5. Nxd4 Nc6 6. Be3 d6 7. Nc3 Nf6 8. Be2 O-O 9. O-O Bd7 10. f3 Nxd4 11. Bxd4 Bc6 12. Qd2 a5 13. Rab1 Nd7 14. Be3 a4 {B38: Sicilian: Maroczy Bind with 5...Bg7 and 7...0-0} (14... Nc5 15. Rfd1 Be5 16. b3 e6 17. Bd4 Qb6 18. Kh1 Rfd8 19. a3 Qc7 20. b4 axb4 21. axb4 Na4 22. Bxe5 dxe5 {½-½ (36) Sumets,A (2568)-Vorobiov,E (2547) Nova Gorica 2018}) 15. Rfc1 Nc5 16. b4 axb3 17. axb3 Ra3 18. Bd1 Qa8 19. b4 {[%cal Bb3b4,Bb4b5][%mdl 32] LiveBook: 3 Games} Na4 20. Bxa4 $1 Bxc3 $146 (20... Bxa4 $16 21. Bd4 Bxd4+ 22. Qxd4 e6) ({Predecessor:} 20... Bxa4 21. Nd5 {½-½ (21) Mrna,V (2045)-Juptner,J (2378) Ricany 2012}) 21. Rxc3 $18 Qxa4 {[#]} 22. b5 $1 {[%cal Rb5c6]} Ra2 {[#]} 23. Qd4 $1 Rxg2+ $2 (23... Be8 {is a better chance.} 24. Bh6 f6 25. Bxf8 Kxf8) 24. Kxg2 {White is clearly winning.} Qa2+ 25. Kg3 Qxb1 26. Rc1 Qb4 27. bxc6 bxc6 28. Bh6 {[%csl Gh6][%cal Rd4g7]} e5 (28... f6 $142 29. Bxf8 Kxf8) 29. Qa7 1-0

[Event "9th Sharjah Cup Women 2018"]
[Site "Sharjah"]
[Date "2018.12.15"]
[Round "2"]
[White "Cornette, Deimante"]
[Black "Novikova, Margarita"]
[Result "1-0"]
[WhiteElo "2455"]
[BlackElo "2017"]
[Annotator "TA"]
[PlyCount "97"]
[EventDate "2018.12.14"]
[EventType "swiss"]
[EventCountry "UAE"]
[SourceTitle "playchess.com"]
[Source "ChessBase"]
[SourceQuality "1"]

{[%evp 16,97,20,22,42,44,61,39,77,86,85,83,124,116,132,115,287,262,656,179,171,127,127,127,143,127,165,127,123,135,130,130,139,125,143,140,139,59,66,59,62,58,63,-11,-19,-16,-9,-8,-17,-68,-66,-89,-79,-95,0,0,0,0,0,-133,-88,-183,-120,-162,532,487,697,669,662,678,1010,961,1775,1791,5068,4831,29980,29982,29986,5057,29989,29990,29991,29992]} 1. e4 e5 2. Nf3 Nc6 3. Bc4 Nf6 4. d3 Bc5 5. O-O h6 6. c3 Bb6 7. a4 O-O 8. Re1 {C54: Giuoco Piano: 4 c3 Nf6, main lines with 5 d4 and 5 d3} d6 9. Nbd2 {LiveBook: 5 Games} Bg4 (9... Re8 10. h3 a6 11. b4 Be6 12. Bxe6 Rxe6 13. Qc2 d5 14. Nb3 dxe4 15. dxe4 Nh5 16. a5 Ba7 17. Be3 Rg6 18. Bxa7 Rxa7 19. g3 Qf6 {½-½ (49) Demchenko,A (2632)-Gagunashvili,M (2588) Subic Bay 2016}) 10. h3 $146 {White is slightly better.} ({Predecessor:} 10. Nf1 Be6 11. Bxe6 fxe6 12. b4 a6 13. a5 {½-½ (35) Makhija,A (1764)-Harivardhini,I (1714) Chennai 2016}) 10... Bh5 11. Nf1 Qd7 12. Ng3 Bg6 13. Nh4 Bh7 14. Qf3 Ne8 15. Nhf5 Bxf5 $2 (15... Kh8 $16 {was necessary.}) 16. Nxf5 $18 Kh8 $2 {[#]} (16... Qd8 17. b4 a6) 17. Nxh6 $2 (17. Bxh6 $1 {[%mdl 512]} gxh6 18. Qh5) 17... gxh6 18. Bxh6 Qe7 {Black wants to play ...Ng7.} 19. Bxf8 Qxf8 20. Qxf7 Ng7 21. Qxf8+ Rxf8 22. Re2 Nh5 23. Rd2 a6 24. Be6 Nf4 25. Bg4 Na5 26. Rf1 (26. Ra3 $16) 26... Nb3 $14 27. Rdd1 Nc5 28. a5 Ba7 29. g3 ({White should try} 29. d4 $14 Nxe4 30. Rfe1) 29... Nfxd3 $11 30. b4 Nxe4 31. Rxd3 Rxf2 32. Rxf2 (32. Rfd1 $11) 32... Nxf2 $15 33. Rf3 Nxg4+ {[%mdl 4096] Endgame} 34. Kh1 {[#] And now Rf7 would win.} Nf2+ (34... e4 $1 $17 {[%cal Re4f3]} 35. Rf4 Nf2+ 36. Kg2 e3 37. Rf8+ Kg7) 35. Kg2 $11 {aiming for Rf7.} Nd1 $1 {Hoping for ...Kg7.} 36. Rf8+ $1 Kg7 37. Ra8 (37. Rc8 $11 {keeps the balance.} Ne3+ 38. Kf3) 37... Be3 $17 38. Kf3 {[#]} (38. b5 $17) 38... Bh6 (38... Bc1 $1 $19 39. Rc8 c6) 39. Rc8 d5 $4 {[%mdl 8192]} (39... c6 $19 {avoids the disaster.} 40. Rc7+ Kf8) 40. Rxc7+ $18 {[%mdl 64] Double Attack} Kf6 (40... Kf8 $142 41. b5 (41. Rxb7 e4+ 42. Kg2 Nxc3 $11) 41... Bg5) 41. Ke2 Nb2 {White must now prevent ...d4.} 42. Rxb7 Na4 43. Rc7 Kf5 {[#]} 44. b5 $1 {[%cal Bb4b5,Bb5a6,Ba6a7][%mdl 544]} d4 (44... axb5 45. a6) 45. cxd4 exd4 46. bxa6 Nb2 47. Rd7 (47. a7 $142 d3+ 48. Kf2 d2 49. a8=Q Nd3+ 50. Kg2 Ne1+ 51. Kf2 Nd3+ 52. Ke2 d1=Q+ 53. Kxd1) 47... Na4 48. a7 Nc3+ 49. Kd3 {Accuracy: White = 51%, Black = 27%.} 1-0

[Event "9th Sharjah Cup Women 2018"]
[Site "Sharjah"]
[Date "2018.12.15"]
[Round "2"]
[White "Mkrtchian, Lilit"]
[Black "Shanya Mishra"]
[Result "1/2-1/2"]
[WhiteElo "2392"]
[BlackElo "1978"]
[Annotator "NA"]
[PlyCount "75"]
[EventDate "2018.12.14"]
[EventType "swiss"]
[EventCountry "UAE"]
[SourceTitle "playchess.com"]
[Source "ChessBase"]
[SourceQuality "1"]
[TimeControl "5400+30"]

{[%evp 8,75,44,38,31,24,31,33,26,11,29,30,62,22,30,31,54,37,42,32767,72,58,73,68,61,66,75,20,24,32,35,18,28,25,27,-39,51,0,12,32767,22,14,185,207,255,104,137,32767,32767,32767,32767,32767,156,32767,32767,32767,32767,32767,32767,32767,32767,32767,32767,32767,32767,32767,32767,32767,32767,0]} 1. c4 {[%emt 0:00:00]} Nf6 {[%emt 0:00:32]} 2. Nc3 {[%emt 0:00:58]} d5 {[%emt 0:00:50]} 3. cxd5 {[%emt 0:00:16]} Nxd5 {[%emt 0:00:42]} 4. g3 {[%emt 0:01:21]} g6 {[%emt 0:01:30]} 5. Bg2 {[%emt 0:00:13]} Nb6 {[%emt 0:01:01]} 6. d3 {[%emt 0:01:05]} Bg7 {[%emt 0:01:01]} 7. Be3 {[%emt 0:00:41]} O-O {[%emt 0:01:48]} 8. Qd2 {[%emt 0:03:01]} N8d7 {[%emt 0:01:16] A16: English Opening: 1...Nf6 with ...d5} (8... Nc6 9. Bxc6 bxc6 10. Bh6 Nd5 11. Bxg7 Kxg7 12. Nf3 f6 13. O-O Bg4 14. Kg2 h5 15. h4 Qd7 16. Ng1 e5 {1-0 (26) Romanov,E (2647)-Tomczak,J (2560) Germany 2014}) 9. Bh6 {[%emt 0:02:19]} Nf6 {[%emt 0:02:58]} 10. Nf3 {[%emt 0:05:05]} c6 {[%emt 0:03:59]} 11. O-O {[%emt 0:05:40] LiveBook: 4 Games} Re8 {[%emt 0:03:13]} 12. Bxg7 {[%emt 0:00:51]} Kxg7 {[%emt 0:00:23]} 13. d4 {[%emt 0:03:52]} Bf5 $146 {[%emt 0:04:12]} ({Predecessor:} 13... Nbd5 14. Nxd5 {½-½ (14) Forintos,G (2343)-Konopka,M (2484) Austria 1999}) 14. Nh4 {[%emt 0:07:05]} Be6 {[%emt 0:02:20]} 15. Rfd1 {[%emt 0:03:24]} Qd7 {[%emt 0:09:12]} 16. e4 {[%emt 0:04:01]} Rad8 {[%emt 0:02:36]} 17. e5 {[%emt 0:02:14]} Nfd5 {[%emt 0:08:56]} 18. Ne4 {[%emt 0:00:18]} Nc7 {[%emt 0:04:10]} 19. Nc5 {[%emt 0:02:36]} Qc8 $1 {[%emt 0:01:00]} 20. Qa5 {[%emt 0:09:27]} Nb5 {[%emt 0:09:52]} 21. Nxb7 {[%emt 0:03:05]} (21. Nxe6+ $14 Qxe6 22. Nf3) 21... Rxd4 {[%emt 0:08:13]} ({Much weaker is} 21... Qxb7 $6 {[#]} 22. Qxb5 $1 {[%mdl 512]} cxb5 23. Bxb7 $16) (21... Nc4 $15 22. Qa6 Nxb2) 22. Rxd4 {[%emt 0:15:32]} Nxd4 {[%emt 0:00:31]} 23. Nc5 {[%emt 0:04:38]} Nc4 {[%emt 0:07:40]} 24. Qxa7 {[%emt 0:02:04]} Nxe5 $2 {[%emt 0:07:46] [#]} (24... Nxb2 $11 {and Black has nothing to worry.} 25. Nxe6+ Nxe6) 25. Re1 $1 {[%emt 0:01:27]} Nd7 {[%emt 0:04:42]} 26. Rd1 {[%emt 0:08:33]} (26. Qa4 $18 {is more deadly.} Nb5 27. Nxe6+ fxe6 28. Nf3) 26... Nxc5 {[%emt 0:02:44]} (26... Ne2+ $142 27. Kh1 Nf6) 27. Qxc5 {[%emt 0:00:15]} Nf5 {[%emt 0:00:07]} 28. Nxf5+ {[%emt 0:00:33]} Bxf5 {[%emt 0:00:44]} 29. Qxc6 {[%emt 0:09:12]} Qb8 {[%emt 0:01:29]} 30. Qc3+ {[%emt 0:04:23]} f6 {[%emt 0:00:09]} 31. b3 {[%emt 0:00:45]} Rc8 {[%emt 0:00:10]} 32. Qe3 {[%emt 0:00:08]} Qb4 {[%emt 0:01:09]} 33. h4 {[%emt 0:00:43]} Rc2 {[%emt 0:00:27]} 34. Re1 {[%emt 0:00:42]} e5 {[%emt 0:03:11]} 35. Qa7+ {[%emt 0:00:21]} Kh6 {[%emt 0:00:06]} 36. Qe3+ {[%emt 0:00:06]} ({White should try} 36. Rd1 $16) 36... Kg7 {[%emt 0:00:04]} 37. Qa7+ {[%emt 0:00:54]} Kh6 {[%emt 0:00:08]} 38. Qe3+ $11 {[%emt 0:00:36]} 1/2-1/2

[Event "9th Sharjah Cup Women 2018"]
[Site "Sharjah"]
[Date "2018.12.15"]
[Round "2"]
[White "Khukhashvili, Sopiko"]
[Black "Alattar, Ghayda M."]
[Result "1-0"]
[WhiteElo "2338"]
[BlackElo "1944"]
[Annotator "ChessBase"]
[PlyCount "113"]
[EventDate "2018.12.14"]
[EventType "swiss"]
[EventCountry "UAE"]
[SourceTitle "playchess.com"]
[Source "ChessBase"]
[SourceQuality "1"]
[TimeControl "5400+30"]

1. e4 {[%emt 0:00:00]} d6 {[%emt 0:00:00]} 2. d4 {[%emt 0:00:00]} Nf6 {[%emt 0:00:00]} 3. Nc3 {[%emt 0:00:00]} g6 {[%emt 0:00:02]} 4. h3 {[%emt 0:00:22]} c6 {[%emt 0:05:38]} 5. Be3 {[%emt 0:00:16]} Qa5 {[%emt 0:02:30]} 6. Qd2 {[%emt 0:00:21]} Nbd7 {[%emt 0:17:05]} 7. Nf3 {[%emt 0:00:34]} Bg7 {[%emt 0:10:43]} 8. Bd3 {[%emt 0:00:08]} O-O {[%emt 0:03:41]} 9. O-O {[%emt 0:03:17]} e5 {[%emt 0:07:41]} 10. a3 {[%emt 0:05:04]} Qc7 {[%emt 0:06:19]} 11. dxe5 {[%emt 0:00:50]} dxe5 {[%emt 0:00:18]} 12. Rad1 {[%emt 0:00:45]} b5 {[%emt 0:01:20]} 13. Ne2 {[%emt 0:00:42]} a6 {[%emt 0:11:49]} 14. Ng3 {[%emt 0:00:11]} Bb7 {[%emt 0:00:38]} 15. Bh6 {[%emt 0:00:59]} c5 {[%emt 0:10:06]} 16. c3 {[%emt 0:01:30]} Rad8 {[%emt 0:02:04]} 17. Bxg7 {[%emt 0:00:38]} Kxg7 {[%emt 0:00:02]} 18. Qg5 {[%emt 0:00:18]} Kh8 {[%emt 0:06:24]} 19. Bc2 {[%emt 0:00:09]} Rfe8 {[%emt 0:01:53]} 20. Rd2 {[%emt 0:00:32]} Re6 {[%emt 0:02:12]} 21. Rfd1 {[%emt 0:00:15]} Rde8 {[%emt 0:00:23]} 22. Qh6 {[%emt 0:02:09]} Nf8 {[%emt 0:01:58]} 23. Ng5 {[%emt 0:00:36]} Rb6 {[%emt 0:02:09]} 24. Rd8 {[%emt 0:03:13]} Qe7 {[%emt 0:03:19]} 25. Rxe8 {[%emt 0:00:34]} Qxe8 {[%emt 0:00:38]} 26. Rd8 {[%emt 0:00:10]} Ng8 {[%emt 0:01:49]} 27. Qxf8 {[%emt 0:02:00]} Qxf8 {[%emt 0:00:07]} 28. Rxf8 {[%emt 0:00:03]} f6 {[%emt 0:00:13]} 29. Nf3 {[%emt 0:00:24]} Rd6 {[%emt 0:00:08]} 30. a4 {[%emt 0:00:15]} Kg7 {[%emt 0:00:15]} 31. Rb8 {[%emt 0:00:06]} Rd7 {[%emt 0:00:20]} 32. axb5 {[%emt 0:01:04]} axb5 {[%emt 0:00:03]} 33. c4 {[%emt 0:00:14]} bxc4 {[%emt 0:02:56]} 34. Ba4 {[%emt 0:00:02]} Rc7 {[%emt 0:00:16]} 35. Bb5 {[%emt 0:00:06]} Ne7 {[%emt 0:00:52]} 36. Bxc4 {[%emt 0:00:02]} Bc8 {[%emt 0:00:47]} 37. Bd5 {[%emt 0:01:38]} Ba6 {[%emt 0:01:04]} 38. Rb6 {[%emt 0:01:24]} Bd3 {[%emt 0:00:15]} 39. Bb3 {[%emt 0:03:44]} Nc6 {[%emt 0:00:50]} 40. Nd2 {[%emt 0:00:26]} Nd4 {[%emt 0:00:23]} 41. Bd5 {[%emt 0:00:30]} c4 {[%emt 0:00:36]} 42. Rb7 {[%emt 0:00:34]} Rxb7 {[%emt 0:00:10]} 43. Bxb7 {[%emt 0:00:03]} Nb5 {[%emt 0:00:34]} 44. Ba6 {[%emt 0:00:12]} Nd6 {[%emt 0:00:01]} 45. Ngf1 {[%emt 0:00:53]} f5 {[%emt 0:00:46]} 46. exf5 {[%emt 0:00:47]} gxf5 {[%emt 0:00:04]} 47. Ne3 {[%emt 0:00:48]} c3 {[%emt 0:00:29]} 48. Bxd3 {[%emt 0:00:05]} cxd2 {[%emt 0:00:03]} 49. Be2 {[%emt 0:02:45]} f4 {[%emt 0:00:56]} 50. Nf1 {[%emt 0:00:04]} Ne4 {[%emt 0:01:36]} 51. f3 {[%emt 0:00:06]} Nf6 {[%emt 0:00:34]} 52. Nxd2 {[%emt 0:00:11]} Nd5 {[%emt 0:00:02]} 53. Bd3 {[%emt 0:01:39]} h6 {[%emt 0:00:23]} 54. Be4 {[%emt 0:00:07]} Nb4 {[%emt 0:00:22]} 55. Nb3 {[%emt 0:00:39]} Kf6 {[%emt 0:00:23]} 56. Nc5 {[%emt 0:00:02]} Na2 {[%emt 0:00:38]} 57. Nd3 {[%emt 0:00:06]} 1-0

[Event "9th Sharjah Cup Women 2018"]
[Site "Sharjah"]
[Date "2018.12.15"]
[Round "2"]
[White "Velikic, Adela"]
[Black "Nass, Sara"]
[Result "1-0"]
[WhiteElo "2298"]
[BlackElo "1840"]
[Annotator "NA"]
[PlyCount "41"]
[EventDate "2018.12.14"]
[EventType "swiss"]
[EventCountry "UAE"]
[SourceTitle "playchess.com"]
[Source "ChessBase"]
[SourceQuality "1"]
[TimeControl "5400+30"]

{[%evp 8,41,21,39,32767,32767,32767,32767,6,17,24,14,10,0,0,0,32767,-8,33,-23,-37,-68,128,159,154,151,166,153,170,147,164,135,212,32767,230,210]} 1. d4 {[%emt 0:00:00]} d5 {[%emt 0:00:00]} 2. c4 {[%emt 0:00:00]} c6 {[%emt 0:00:00]} 3. Nf3 {[%emt 0:00:00]} Nf6 {[%emt 0:00:00]} 4. Nc3 {[%emt 0:00:00]} dxc4 {[%emt 0:00:27]} 5. a4 {[%emt 0:00:08]} Bf5 {[%emt 0:00:13]} 6. e3 {[%emt 0:00:10]} e6 {[%emt 0:00:22]} 7. Bxc4 {[%emt 0:00:08]} Bb4 {[%emt 0:00:19]} 8. O-O {[%emt 0:00:23]} O-O {[%emt 0:00:06]} 9. Qe2 {[%emt 0:04:26]} Nbd7 {[%emt 0:00:32]} 10. h3 {[%emt 0:09:33]} Bg6 {[%emt 0:01:47]} 11. Rd1 {[%emt 0:10:36]} Qe7 {[%emt 0:13:01] D19: Slav Defence: 5 a4 Bf5 6 e3: Main line with 9 Qe2} 12. Bd3 {[%emt 0:13:00]} Bh5 {[%emt 0:03:37] LiveBook: 4 Games} 13. e4 {[%emt 0:07:14]} (13. g4 $5 {[%cal Rg4h5]} Bg6 14. e4 $11) 13... e5 {[%emt 0:06:04]} 14. g4 $146 {[%emt 0:19:40] [#]} ({Predecessor:} 14. d5 cxd5 15. Nxd5 Nxd5 16. exd5 f5 17. d6 Bxd6 18. g4 fxg4 19. Ng5 Nf6 20. hxg4 Bxg4 21. Bxh7+ Kh8 22. f3 Bc5+ {0-1 (22) Andreasen,J (2189)-Hector,J (2498) Ballerup 2017}) 14... Bg6 $2 {[%emt 0:04:10] [#]} (14... Nxg4 $1 $17 15. hxg4 Bxg4) 15. dxe5 $1 {[%emt 0:03:26]} Bxc3 {[%emt 0:03:55]} 16. bxc3 {[%emt 0:01:52]} Nxe5 {[%emt 0:01:03]} 17. Nxe5 {[%emt 0:00:58]} Qxe5 {[%emt 0:08:32] [#]} 18. f4 $1 {[%emt 0:01:07]} Qxc3 {[%emt 0:09:26]} 19. Bd2 {[%emt 0:00:41]} Qb3 {[%emt 0:02:18]} 20. f5 {[%emt 0:03:38]} Rfd8 {[%emt 0:01:13]} 21. Bg5 $18 {[%emt 0:02:46]} 1-0